[Event "Cologne Ford op 17th"]
[Site "Cologne"]
[Date "2011.05.09"]
[Round "4"]
[White "Heider, Arno"]
[Black "Osiewatsch, Arthur"]
[Result "1-0"]
[WhiteElo "1540"]
[BlackElo "1020"]
[PlyCount "74"]
[EventDate "2011.04.12"]
[EventType "swiss"]
[EventRounds "7"]
[EventCountry "GER"]
[SourceTitle "EXT 2012"]
[Source "ChessBase"]
[SourceDate "2011.11.24"]
[SourceVersion "1"]
[SourceVersionDate "2011.11.24"]
[SourceQuality "1"]

1. d4 d5 2. c4 Nf6 3. Nc3 e6 4. cxd5 Nxd5 5. e4 Nxc3 6. bxc3 Be7 7. Nf3 Nc6 8. Bd3 0-0 9. 0-0 Bd7 10. Bf4 a6 11. a4 b5 12. axb5 axb5 13. Bxb5 Na7 14. Bxd7 Qxd7 15. Qd3 Bf6 16. Rfb1 c5 17. h3 Rfd8 18. Be3 Nc6 19. Rxa8 Rxa8 20. d5 Ne5 21. Nxe5 Bxe5 22. f4 Bd6 23. e5 Be7 24. d6 Bf8 25. Bxc5 Rc8 26. Qb5 Qxb5 27. Rxb5 f6 28. Bd4 fxe5 29. fxe5 Rd8 30. Rb6 g6 31. c4 Ra8 32. c5 Ra4 33. Bf2 Bg7 34. Rb8+ Kf7 35. Bg3 Re4 36. d7 Bxe5 37. Bxe5 Rxe5 1-0

[Event "Cologne Ford op"]
[Site "Cologne"]
[Date "2009.05.25"]
[Round "5"]
[White "Osiewatsch, Arthur"]
[Black "Melters, Hans"]
[Result "0-1"]
[WhiteElo "1056"]
[BlackElo "1231"]
[PlyCount "68"]
[EventDate "2009.04.27"]
[EventType "swiss"]
[EventRounds "7"]
[EventCountry "GER"]
[SourceTitle "EXT 2011"]
[Source "ChessBase"]
[SourceDate "2010.11.26"]
[SourceVersion "1"]
[SourceVersionDate "2010.11.26"]
[SourceQuality "1"]

1. Nc3 e5 2. Nf3 Nc6 3. d4 exd4 4. Nxd4 Nf6 5. a3 d5 6. e3 Bc5 7. Be2 0-0 8. 0-0 Nxd4 9. exd4 Be7 10. Bg5 c6 11. Bxf6 Bxf6 12. Bg4 Bxg4 13. Qxg4 Qb6 14. Na4 Qxd4 15. Qxd4 Bxd4 16. Rfd1 Bf6 17. Rab1 Rfe8 18. Nc5 Re2 19. c3 b6 20. Nd3 Kf8 21. Kf1 Rae8 22. Nb4 R2e6 23. Re1 d4 24. Rxe6 Rxe6 25. cxd4 Bxd4 26. a4 Rf6 27. f3 c5 28. Nd5 Rh6 29. h3 Rd6 30. Nc7 Rd7 31. Nb5 Bf6 32. b3 a6 33. Na3 Bh4 34. Nc4 Bd8 0-1

[Event "Cologne Ford op"]
[Site "Cologne"]
[Date "2009.05.04"]
[Round "2"]
[White "Osiewatsch, Arthur"]
[Black "Daglis, Emanuel"]
[Result "0-1"]
[WhiteElo "1056"]
[BlackElo "1836"]
[PlyCount "69"]
[EventDate "2009.04.27"]
[EventType "swiss"]
[EventRounds "7"]
[EventCountry "GER"]
[SourceTitle "EXT 2011"]
[Source "ChessBase"]
[SourceDate "2010.11.26"]
[SourceVersion "1"]
[SourceVersionDate "2010.11.26"]
[SourceQuality "1"]

1. Nf3 c5 2. d4 cxd4 3. Nxd4 Nf6 4. Nc3 g6 5. e4 d6 6. Bb5+ Bd7 7. 0-0 Bg7 8. Bxd7+ Nbxd7 9. Be3 0-0 10. a3 Rc8 11. Qd2 Ng4 12. Bh6 Nxh6 13. Ndb5 a6 14. Nd4 Ng4 15. h3 Nge5 16. b3 Nc6 17. Nde2 Nf6 18. Rac1 Qa5 19. a4 Rfd8 20. Rfd1 e6 21. Ng3 d5 22. exd5 exd5 23. Nce2 Qxd2 24. Rxd2 Ne4 25. Nxe4 dxe4 26. Rxd8+ Rxd8 27. c3 f5 28. c4 Nd4 29. Nxd4 Bxd4 30. Kf1 Kf7 31. c5 Ke6 32. b4 Rc8 33. a5 Kd5 34. Ke2 f4 35. Rd1 0-1

[Event "Cologne Ford op"]
[Site "Cologne"]
[Date "2009.04.27"]
[Round "1"]
[White "Winzer, Michael"]
[Black "Osiewatsch, Arthur"]
[Result "1/2-1/2"]
[WhiteElo "1722"]
[BlackElo "1056"]
[PlyCount "65"]
[EventDate "2009.04.27"]
[EventType "swiss"]
[EventRounds "7"]
[EventCountry "GER"]
[SourceTitle "EXT 2011"]
[Source "ChessBase"]
[SourceDate "2010.11.26"]
[SourceVersion "1"]
[SourceVersionDate "2010.11.26"]
[SourceQuality "1"]

1. e4 e5 2. Nf3 d6 3. d4 exd4 4. Nxd4 Nf6 5. Nc3 Be7 6. Be2 0-0 7. 0-0 c5 8. Nf3 Nc6 9. Nd2 Be6 10. f4 Nd4 11. Nf3 Nxf3+ 12. Bxf3 Bc4 13. Re1 Nd7 14. b3 Ba6 15. Nd5 Bh4 16. g3 Bf6 17. Nxf6+ Qxf6 18. Rb1 Qd4+ 19. Qxd4 cxd4 20. Ba3 Rfc8 21. Rbc1 Rc6 22. e5 Rc3 23. Bg4 Nc5 24. exd6 b6 25. d7 Bb5 26. Re7 d3 27. cxd3 Rxc1+ 28. Bxc1 Rd8 29. Ba3 Nxd7 30. Kf2 Nf6 31. Bf5 g6 32. Be4 Nxe4+ 33. Rxe4 1/2-1/2